Vyzbierali pol tony plastových vrchnáčikov

Bibliographic Details
Corporate Author: EKOS (Stará Ľubovňa, Slovensko) (Author)
Format: Article
Language:Slovak
Subjects:

MARC

LEADER 00000nab a2200000 a 4500
001 vtls008702353
003 SK-MaSNL
005 20260303073615.0
008 060519 2006 xo w n 000 0 slo
015 |a SLLK2006  |2 sllk 
038 |a SLLK 
040 |a SLLK  |b slo  |c sllk  |e AACR2 
041 0 |a slo 
044 |a xo  |c SK 
080 |a 628.4.032:678.5  |2 1997 
080 |a 628.4.032:669.71  |2 1997 
110 2 |a EKOS (Stará Ľubovňa, Slovensko)  |4 aut  |9 59267 
245 0 0 |a Vyzbierali pol tony plastových vrchnáčikov  |c EKOS 
610 2 7 |a Ekos (Stará Ľubovňa, Slovensko)  |2 snkbucl  |9 59267 
650 0 7 |a plasty  |x druhotné suroviny  |x zber  |2 snkbucl  |9 1075466 
650 0 7 |a hliník  |2 snkbucl  |9 14229 
651 7 |a Stará Ľubovňa (Slovensko)  |2 snkbucl  |9 19193 
773 0 |t Ľubovnianske noviny  |g Roč. XXXII, č. 17 (2006), s. 4 
852 |a SLLK  |b KIS3GCP 
999 |c 1768376  |d 1770306